LIBRARY & INFORMATION CENTRE, KCAET, TAVANUR

ONLINE PUBLIC ACCESS CATALOGUE (OPAC)

Bharathathinte Antaratmavu / (Record no. 5164)

MARC details
000 -LEADER
fixed length control field 00410cam a2200169ua 4500
041 ## - LANGUAGE CODE
Language code of text/sound track or separate title mal
082 ## - DEWEY DECIMAL CLASSIFICATION NUMBER
Classification number 181.4
Item number RAD/BH
100 ## - MAIN ENTRY--AUTHOR NAME
Personal name Radhakrishnan, S .
245 ## - TITLE STATEMENT
Title Bharathathinte Antaratmavu /
260 ## - PUBLICATION, DISTRIBUTION, ETC. (IMPRINT)
Place of publication Calicut :
Name of publisher P.K Brothers ,
Year of publication 1959.
300 ## - PHYSICAL DESCRIPTION
Number of Pages 239 ; .
942 ## - ADDED ENTRY ELEMENTS (KOHA)
Koha item type Books
Holdings
Withdrawn status Lost status Damaged status Home library Current library Date acquired Full call number Accession Number Koha item type
Withdrawn     KAUAET Malayalam University 07/04/2012 181.4 967 Books
free website counter